Paroles Larry-Enfant Compliqué - Statistiques

Statistiques générales
  • Ce quiz a été pris 26 fois
  • Le résultat moyen est 232 sur 422
Statistiques - réponses
Réponse % Correct
la
93%
La
93%
maman
93%
Maman
93%
me
93%
Pas
93%
pas
93%
à
87%
ce
87%
Ce
87%
de
87%
je
87%
Le
87%
le
87%
ne
87%
ta
87%
t'a
87%
ça
80%
cassé
80%
c'est
80%
C'est
80%
dos
80%
En
80%
en
80%
nécessaire
80%
nécessite
80%
On
80%
on
80%
te
80%
charbon
73%
compliqué
73%
dans
73%
est
73%
L'amour
73%
pour
73%
que
73%
sur
73%
taff
73%
tu
73%
cité
67%
des
67%
Des
67%
Enfant
67%
enfant
67%
faire
67%
famille
67%
man
67%
mange
67%
plus
67%
se
67%
traîne
67%
Un
67%
vie
67%
dire
60%
faut
60%
Faut
60%
j'ai
60%
les
60%
Moi
60%
moi
60%
pareil
60%
reste
60%
SACEM
60%
aidé
53%
assis
53%
bisous
53%
fermes
53%
gueule
53%
l'eau
53%
Personne
53%
quand
53%
Quand
53%
restes
53%
t'as
53%
tête
53%
Toi
53%
vous
53%
au
47%
aussi
47%
il
47%
mais
47%
Merco
47%
s'en
47%
sous
47%
amis
40%
bon
40%
eux
40%
fait
40%
nous
40%
Papa
40%
passe
40%
patron
40%
seul
40%
sortir
40%
tempe
40%
tranquille
40%
concentré
33%
concurrents
33%
cons
33%
Et
33%
J'me
33%
Larry
33%
l'canon
33%
l'équipe
33%
loin
33%
Maintenant
33%
maintenant
33%
Merci
33%
merguez
33%
met
33%
musique
33%
pote
33%
rapproche
33%
t'assumes
33%
t'inquiètes
33%
zizir
33%
amigos
27%
barrages
27%
chance
27%
couilles
27%
DM
27%
donne
27%
font
27%
force
27%
Ils
27%
indé'
27%
j'assume
27%
j'en
27%
J'prends
27%
j'vais
27%
j'y
27%
leur
27%
plaqué
27%
qui
27%
rester
27%
sûrement
27%
T'es
27%
tes
27%
tombe
27%
ton
27%
arrive
20%
bat
20%
buts
20%
Cet
20%
comme
20%
doit
20%
enfoiré
20%
goal
20%
J'compte
20%
j'deviens
20%
kill
20%
merde
20%
Mes
20%
noyer
20%
ont
20%
passés
20%
rentrées
20%
ris
20%
rue
20%
saisir
20%
sans
20%
s'égarer
20%
tests
20%
Tout-Puissant
20%
Une
20%
Va
20%
bagarres
13%
Bales
13%
j'envoie
13%
laissons
13%
l'école
13%
l'mérite,
13%
l'mérite
13%
premier
13%
première
13%
quartier
13%
régulières
13%
repense
13%
scié
13%
suis
13%
tous
13%
trou
13%
vitesses
13%
amour
7%
boîte
7%
du
7%
J'suis
7%
message
7%
parler
7%
premières
7%
recaler
7%
res-sta
7%
session
7%
s'ils
7%
tales
7%
terrain
7%
cala
0%
faisait
0%
fête
0%
foot
0%
foumasse
0%
l'ambiance
0%
l'ancienne
0%
matos
0%
m'ont
0%
santé
0%
soucis
0%
synthé
0%
Zéro
0%
Aucun quiz correspondant
Distribution des résultats
% des personnes avec chaque résultat
Percentile par nombre de réponses
Votre historique - résultats
Vous n’avez pas pris ce quiz